Movies Quiz

Random Movies Quiz
Score 0/16 Timer 03:00
0 Plays Today
Female Character(s) Movie % Correct
RipleyAlien
92.9%
RipleyAliens
86.5%
SeleneUnderworld
85.7%
RipleyAlien 3
82.5%
Alice/RainResident Evil
78.6%
Ripley/CallAlien Resurrection
65.1%
SeleneUnderworld: Evolution
45.2%
Elizabeth Shaw/Meredith VickersPrometheus
43%
Female Character(s) Movie % Correct
SonjaUnderworld: Rise of the Lycans
41.3%
Alice/JillResident Evil: Apocalypse
39.7%
Alice/ClaireResident Evil: Extinction
38.1%
SeleneUnderworld: Awakening
34.1%
Alice/ClaireResident Evil :Afterlife
33.3%
Alice/Rain/Jill/AdaResident Evil : Retribution
26.2%
Alexa WoodsAlien vs Predator
25.4%
Kelly O'BrienAlien vs Predator: Requiem
9.5%

You're not logged in!

Compare scores with friends on all Sporcle quizzes.
OR
Log In

Sporcle TV

Today on Sporcle TV


Watch our educational content, quiz creation guides, and fun videos on Sporcle TV.

Show Comments

Extras

Top Quizzes Today


Score Distribution

Paid Content

Your Account Isn't Verified!

In order to create a playlist on Sporcle, you need to verify the email address you used during registration. Go to your Sporcle Settings to finish the process.

Report this User

Report this user for behavior that violates our Community Guidelines.

Details: